000 02708nam0a2200349 4500
001 RU\NLR\BIBL_A\012455149
005 20250624040244.0
035 _a(NLR Aleph) 012455149
090 _a11995088
_c11995088
100 _a20210217f19021905|||y0rusy50 ca
101 0 _arus
102 _aRU
105 _ay|||z|||000zy
181 0 _ai
_baxxe
182 0 _an
200 1 _aПриложения к Проекту общего устава Императорских российских университетов
203 _aТекст
_bвизуальный
_cнепосредственный
210 _a[Санкт-Петербург]
_cГосударственная типография
_d[190-]
215 _a[2], 86, 32, 14 с.
_d34
327 1 _aСодерж.: Прил. 1: Постатейные замечания к проекту Общего устава Императорских российских университетов. Прил. 2: О составе кафедр и об учебно-вспомогательных установлениях. Прил. 3: О правах, сопряженных с дипломами высших учебных заведений
333 _aНа правах рукописи
422 0 _12001#$aПроект общего устава российских университетов
_1210##$a[Санкт-Петербург$d1905]
_1740#1$aРоссия$tЗаконы и постановления$3RU\NLR\auth\889957980
_tПроект общего устава российских университетов
464 0 _12001#$aПостатейные замечания к проекту Общего устава Императорских российских университетов
_tПостатейные замечания к проекту Общего устава Императорских российских университетов
464 0 _12001#$aО составе кафедр и об учебно-вспомогательных установлениях
_tО составе кафедр и об учебно-вспомогательных установлениях
464 0 _12001#$aО правах, сопряженных с дипломами высших учебных заведений
_tО правах, сопряженных с дипломами высших учебных заведений
606 1 _aУниверситеты
_jУставы, наставления и т.п
_yРоссия
_91828856
_3RU\NLR\AUTH\661118937
686 3 _aЧ484(28)711
852 _aNLR
_j97/209
942 _cBOOK
980 _aNB